<?xml version="1.0" encoding="UTF-8"?>
<record
    xmlns:xsi="http://www.w3.org/2001/XMLSchema-instance"
    xsi:schemaLocation="http://www.loc.gov/MARC21/slim http://www.loc.gov/standards/marcxml/schema/MARC21slim.xsd"
    xmlns="http://www.loc.gov/MARC21/slim">

  <leader>00403    a2200109   4500</leader>
  <controlfield tag="001">ART_23498</controlfield>
  <controlfield tag="005">20260410161931.0</controlfield>
  <controlfield tag="008">260409a                                 </controlfield>
  <datafield tag="245" ind1="1" ind2="0">
    <subfield code="a">Teor&#xED;a de los contratos comerciales en general</subfield>
  </datafield>
  <datafield tag="100" ind1="1" ind2=" ">
    <subfield code="a">Fontanarrosa, Rodolfo O.</subfield>
  </datafield>
  <datafield tag="773" ind1="0" ind2=" ">
    <subfield code="t">Revista de la Facultad de Ciencias Econ&#xF3;micas de la Universidad de Cuyo</subfield>
    <subfield code="g">- A&#xF1;o XIX, N&#xBA; 55/56 (ene./ago. 1967)</subfield>
    <subfield code="w">REV22981</subfield>
  </datafield>
  <datafield tag="999" ind1=" " ind2=" ">
    <subfield code="c">28579</subfield>
    <subfield code="d">28579</subfield>
  </datafield>
</record>
